000 00614cam a22002054a 4500
005 20250605164308.0
008 250528s ||||||||||||||||||||||||d
035 _a22362
020 _a9789600112726
040 _aGR-AtMCL
_bgre
_dGR-AtMCL
_eAACR2
245 1 _aΔΙΟΙΚΗΤΙΚΗ ΛΟΓΙΣΤΙΚΗ / ΓΙΑ ΠΡΟΓΡΑΜΜΑΤΙΣΜΟ ΚΑΙ ΕΛΕΓΧΟ
250 _a2
260 _bGutenberg,
_c2010
300 _a692
700 1 _aΔημητρας Αυγουστινος Ι
_98217
700 1 _aΜπαλλας Αποστολος Α
_98218
942 _cBK
999 _c7415
_d7415